000
00228nam a2200097Ia 4500
008
230508s1985 xx 000 0 und d
041
_a
eng
100
_a
HOUGEN O.A.
245
_a
CHEMICAL PROCESS PRINCIPLES P.I.
260
_c
1985
999
_c
316270
_d
316270